000
00246nam a2200097Ia 4500
001
643416
005
20250826153545.0
008
250824s9999 xx 000 0 und d
245
0
_a
NUR DAĞINDAKİ ÇOCUK
_c
HASAN NAİL CANAT
260
_b
GENÇ TİMAŞ
999
_c
643416
_d
643416